00948 2200361 4500001002100000005001500021035002000036007000300056040001700059100002700076245004200103250001200145300003700157504002700194020001800221041000800239082001000247084001600257090002200273264003400295336002100329337003000350338002300380500002800403650001300431850001000444008004100454990001700495990001700512990002300529990001700552990001700569INLIS00000000000673320260410114841 a0010-0622000068ta aSBPUPADbind0 aRooijakkersePengarang1 aMengajar Dengan Sukses /cRooijakkers a.-cet.2 axxxix,229 hlm. :billus. ;c21cm abibiliografi,Hlm 219 a97897902514030 aind a373.1 a373.1 ROO m a373.1 ROO m L13-6 a.--Jakarta :bGrasindo,c2010 2rdacontentaTeks 2rdamediaaTanpa Perantara 2rdacarrieravolume aProfile Penulis,Hlm 227 4aMengajar aPUPAD260410 0  a12792/H/2010 a12791/H/2010 a1680/Br/ARPUS/2007 a12792/H/2010 a12791/H/2010